000 00302nam a2200109Ia 4500
008 210430s9999 xx 000 0 und d
082 _a662.2 B152 E
100 _aA Bailey, S G Murray
_9127580
245 _aExplosives, propellants & pyrotechnics, V-2 /
_cA Bailey
300 _a187p.
942 _cBK
_2ddc
999 _c562062
_d562062